00696nam a2200181 u 450000500170000000800410001704000270005804100080008508200190009324501310011226000450024330000680028865000340035665000230039065000230041365000330043671000450046920200104041746.0160520t2014 xx ad|||r|||| 00| 0 eng d aCO-BoIAVH cCO-BoIAVH 0 aeng04a333.9516bS41r00aScience review : bCompiling the year's research uses of data accessed through the Global Biodiversity Information Facility /  a[s. l.] :bGBIF science committe,c2014. a51 páginas : bilustraciones a color y tablas ; c27 x 18 cm.16aBiodiversidadxConservación24aEspecies invasoras26aCambio climático26aServicios de los ecosistemas2 aGlobal Biodiversity Information Facility